Mini Iraq country Quiz - Statistics

General Stats
  • This quiz has been taken 580 times
    577 since last reset
  • The average score is 12 of 18
Answer Stats
Hint Answer % Correct
What is the capital city of Iraq? Baghdad
98%
What is the main river which flows through Iraq other than the Euphrates? Tigris
91%
What colonial power controlled Iraq before it gained its independence? UK
91%
What is the name of the main minority ethnic group located in the north of Iraq? Kurds
87%
What Sect of Islam do the majority of the Iraqi population adhere too? Shia
86%
And Before them? Ottoman empire
83%
What countries border Iraq in order of size? Saudi Arabia
83%
Iran
82%
Turkey
76%
Syria
75%
What country is home to the most Iraqi immigrants? USA
75%
Kuwait
73%
Jordan
71%
What is the name of the pyramidal structures present in ancient Iraq used for religious purposes? Ziggurat
40%
What do the words on the Iraqi flag mean in English? God is great
28%
What language has the longest period of use in Iraq? (not Arabic) Aramaic
23%
What currency is used in Iraq? Iraqi Dinar, Dinar
8%
In which park in the capital of Iraq would you find victory Arch? Zawra
2%
No matching quizzes found
Score Distribution
Percent of People with Each Score
Percentile by Number Answered
Your Score History
You have not taken this quiz since the last reset